5 Smallest NBA Shoe Sizes - Statistics

General Stats
  • This quiz has been taken 195 times
  • The average score is 3 of 6
Answer Stats
Hint Answer % Correct
6'0'' Clipps PG Shoe Size: 12.5 Chris Paul
86%
5'9'' Celtics PG Shoe Size: 12 Isaiah Thomas
76%
6'9'' Pacers SF Shoe Size: 12 Paul George
74%
2 Time MVP Shoe Size: 13.5 Stephen Curry
51%
5'5'' Nuggets PG Shoe Size: 9.5 Earl Boykins
29%
6'9'' Bulls PF Shoe Size: 13 Taj Gibson
28%
No matching quizzes found
Score Distribution
Percent of People with Each Score
Percentile by Number Answered
Your Score History
You have not taken this quiz